01725cam a22003494i 4500003000900000005001700009008004100026020001800067035002000085049000900105082001300114100003000127245005100157264003100208300003900239336002100278337002500299338002300324505053000347526000900877526000900886526000800895526000800903526000800911650004800919650002600967596000600993942001400999999015001013980005501163952015701218PE-LiUPU20250731184052.0160926s r 000 0 spa d a9789871222728 a(Sirsi) a163772 aPRUA04a864bL311 aLavagna, Roberto,eautor.13aLa Argentina que merecemos /cRoberto Lavagna. aBuenos Aires :bEdsc2007. a287 páginas ;c23 centímetros. atext2rdacontent aunmediated2rdamedia avolume2rdacarrier0 aEl primer desafío: mantener el crecimiento -- Definiciones estretégicas para consolidar el crecimiento -- Energía para el crecimiento (un plan de mediano y largo plazo) -- Desarrollo sustentable, medio ambiente y calidad de vida -- El segundo desafío: promover humano y social (la deuda social) -- La deuda social -- Vivienda social -- Educación para todos -- Salud solidaria -- Seguridad ciudadana -- El tercer desafío: Mejorar la calidad institucional -- La situación institucional -- La argentina y el mundo. aP145 aP127 aP97 aP14 aP0714aArgentinaxCondiciones económicasy1983-.24aEconomíaxHistoria. a1 2ddccBOOK a864 L31wDEWEYc12634i74527f2021-11-9g5lCCODEBUL1mBULr0sYtBOOKu2016-9-26xEDUCACIONzUNKNOWN0COMPRAo.STAFF. Colección FACIHEDd12634 81gALBERTO SANCHEZ Responsable de Automatización r2025-12-03 00:00:00i6l0o864 L31p74527te1w2016-09-26xFACIHEDyBKzinventario-2023-12-13102ddc50708GENfP14aBULbBULcGENd2016-09-26eCOMPRA